000
00331nam a2200133Ia 4500
008
220204s9999 xx 000 0 und d
082
_a
641.85
_b
PIN
100
_a
Pintauro, Nicholas D
245
0
_a
Sweetners and enhancers
260
_a
New Jersey
_b
Noyes Data
_c
1977
650
_a
Dipeptides
650
_a
Sweeteners
942
_c
BK
999
_c
29825
_d
29825